01078cam a22002775a 45000010009000000050017000090080041000260200018000670200015000850400074001000820022001741000021001962450093002172600060003103000036003704900027004065000026004335040031004596500049004906500041005396510010005806530027005909420008006179990017006259520158006421517900820161106120336.0080208t2009 enka frb f001 0 eng d a9780195371789 a019537178X aDNLM/DLCcDLCdNLMdBTCTAdYDXCPdOCLCQdC#PdCDXdDLCdEG-ScBUEbeng04a616.8589222bMAP1 aMapou, Robert L.10aAdult learning disabilities and ADHD :bresearch-informed assessment /cRobert L. Mapou. aOxford ;aNew York :bOxford University Press,cc.2009. axviii, 291 p. :bill. ;c24 cm.0 aOxford workshop series aIndex : p. [283]-290. aBibliography : p. 257-282. 0aAttention-deficit disorder in adults.2BUEsh 7aLearning disabilities.2BUEsh941548 2BUEsh bHHUUEENNcNovember2016 2ddc c23027d22999 00102ddc40708BaccahaMAINbMAINc1STd2016-11-06ePurchaseg363.00h26641l2m2o616.8589 MAPp000033009r2025-07-15 00:00:00s2023-12-10v454.00yBB